00425nam a2200169Ia 4500008004100000020001800041050001400059100002300073245002600096245004300122260001500165260001600180260000900196300001400205300002600219300001000245180207s9999 xx 000 0 und d a9781846865343 bB631 2002 aBlackstone, Stella aHow loud is a lion? / cby Stella Blackstone and Clare Beaton. aNew York : bScholastic, c2002 aunpaged : bcolor illustrations ; c24cm.